000 00983nam a2200277Ia 4500
003 OSt
005 20220923211516.0
006 a|||||r|||| 00| 0
007 ta
008 220922b |||||||| |||| 00| 0 hin d
020 _a9789380441153 (hbk)
_c160
024 _a353,013
037 _bGV723, 11/03/2020, Vani Prakashan
_cTextual
040 _aARTS
_cARTS
_bhin
041 _2hin
_ahin
082 _aO152,1x, Q3
100 _aलाल्टू, ले.
245 0 _aनहा कर नहीं लौटा है बुद्ध
246 _aNahā kar nahīan lauṭā hai buddha
260 _aबीकानेर
_b वाग्देवी प्रकाशन
_c2013
300 _a128पृ.
_ccm.
650 _a हिन्दी साहित्य
_9156264
650 _aहिन्दी कविता
942 _hO152,1x, Q3
_cTEXL
_2CC
999 _c300254
_d300254